000 00256 a2200121 4500
003 Nust
005 20170207153448.0
040 _cNust
082 _a808.899282
245 _aA Pop Up Book
_bAladdin
260 _aChina
_bTormont Europe Lim
650 _aChildren Book
942 _2ddc
_cBK
999 _c186706
_d186706